00305nam a2200109Ia 4500008004100000041000800041082001700049100001000066245005600076260004400132300001900176241028s9999 xx 000 0 und d aeng a658.1141 ALL aAllen aLaunching New Ventures: An Entrepreneurial Approach bCengage Learning IndiaaAustraliac2020 a380;. P. 25 cm